000
00289nam a2200121Ia 4500
008
190723s9999 xx 000 0 und d
020
_a
978-969-407-409-2
100
_a
Nazir Ahmad
245
0
_a
Understanding Islam
260
_a
Karachi
_b
Royal Book
_c
2012
300
_a
352
942
_c
BK
999
_c
1249
_d
1249